MDQL
is popping MORE tags! Check the
thread
!
Quizzes
Events
Quiz Creation
Community
Videos
Private Events
Remove Ads
Sign In
Join for FREE
Feedback
Dark Mode
Quiz Categories
Sports
Geography
Music
Movies
Television
Just For Fun
Miscellaneous
History
Literature
Language
Science
Gaming
Entertainment
Religion
Holiday
For Kids
Quiz Lab
Recent
Popular Today
Quiz Kudos Today
Editor Picks
Curator Picks
Quizzes by...
Day
Popularity
Type
Ratings
Length
Year
Community
Subscriptions
Recent Discussions
Orange Saloon
Badges
Playlists
Quests
Create
Leaderboards
Showdown
Live 5
Trivia Bingo
Activity
Puzzle Library
Sporcle Events
Private Events
Virtual Trivia
Globe League
Become a Host
Pub Owners
SporcleCon
Opinionation
Our Games
Videos
Blog
Mobile Apps
Partnerships
Remove Ads and Go Orange
Feedback
Music
Pop Music
The Beatles
Song
Album
Lyrics
Bands
Singers
Artist
Clip
Rock
Rap
Classical
Billboard
Country Music
Kpop
Taylor Swift
Music
Pop Music
The Beatles
Song
Album
Lyrics
Bands
Singers
Artist
Clip
Rock
Rap
Classical
Billboard
Country Music
Kpop
Taylor Swift
Random Quiz
Search Sporcle
×
Quiz Lab
Quiz Lab
Music
Lyrics
Type in answers that appear in a list
Type in answers that appear in a list
Classic
Best Score? Go Orange.
Pale Shelter [Tears for Fears] : Lyrics Stats
From 'The Hurting'- Comment if you want more from this album/band, please.
By
alissabonnett
10m
145 Questions
158 Plays
158 Plays
158 Plays
Comments
Comments
Give Quiz Kudos
Give Quiz Kudos
-
- Ratings
hide this ad
Replay
Link that replays current quiz
Next Quiz
Link to next quiz in quiz playlist
You Got
0%
They Got
Avg Score
84%
Avg Friend Score
Upgrade to see
Score Distribution
Jump to the score distribution portion of the page
Score
0/145
Timer
10:00
0
Plays Today
Answer
% Correct
the
98.1%
you
98.1%
and
98.1%
you
98.1%
You
98.1%
You
98.1%
You
98.1%
And
98.1%
you
98.1%
You
98.1%
you
98.1%
and
98.1%
you
98.1%
you,
98.1%
you.
98.1%
and
98.1%
[Lines 35-72]
97.5%
I
96.8%
be
96.8%
I
96.8%
be
96.8%
I
96.8%
I
96.8%
be
96.8%
I
96.8%
I
96.8%
be
96.8%
I
96.8%
be
96.8%
I
96.8%
be
96.8%
I
96.8%
I
96.8%
be
96.8%
I
96.8%
I
96.8%
I
96.8%
be
96.8%
can
96.2%
When
96.2%
can
96.2%
When
96.2%
can
96.2%
When
96.2%
when
96.2%
can
96.2%
can
96.2%
When
96.2%
can
96.2%
Answer
% Correct
can
96.2%
How
95.6%
How
95.6%
How
95.6%
give
95.6%
me
95.6%
gave
95.6%
me
95.6%
give
95.6%
me
95.6%
give
95.6%
me
95.6%
How
95.6%
me
95.6%
How
95.6%
me
95.6%
How
95.6%
How
95.6%
don't
94.3%
pale
94.3%
shelter.
94.3%
don't
94.3%
sure,
93.7%
sure,
93.7%
all
93.7%
sure,
93.7%
all
93.7%
sure?
93.7%
all
93.7%
sure,
93.7%
all
93.7%
do
93.7%
sure?
93.7%
all...
93.7%
sure?
93.7%
love?
93%
love-
93%
is,
92.4%
is
92.4%
is
92.4%
cold
89.9%
to
89.9%
to
89.9%
hands,
89.2%
in
89.2%
want
86.1%
my
82.9%
my
82.9%
for
82.3%
Answer
% Correct
For
82.3%
for
82.3%
for
82.3%
time
79.7%
this
79.7%
ask
79.7%
more
79.1%
more.
79.1%
can't
79.1%
more
79.1%
more.
79.1%
more
79.1%
more.
79.1%
your
78.5%
on
77.8%
command.
74.7%
mind?
72.2%
illusion?
70.9%
Completely
68.4%
operate
67.1%
asked
64.6%
asked
64.6%
failure
63.9%
see
62.7%
through?
59.5%
no
59.5%
No
59.5%
say,
57%
keep
51.9%
I'm
51.9%
I'm
51.9%
it
50.6%
intrusion's
50%
There
50%
changed
48.7%
calling
48.1%
calling
48.1%
need
46.2%
I've
44.3%
waiting.
43%
been
41.8%
here
41.8%
why,
41.8%
had
41.1%
before.
38.6%
thought
37.3%
try.
35.4%
Quiz Playlist
Details
Report
Send in Message
Add To Playlist
Classic:
Type in answers that appear in a list
Last Updated: May 24, 2017
Quiz Scoreboard
CHALLENGE
Sign Up to Join the Scoreboard
Show All
Scores
Hide
Comments
May contain spoilers
Recently Published
Street Fighter Characters
by Artimus82
Gaming
60s
9x9 Crossword: Cartoon Network
by jackfrog10
Miscellaneous
3m
College Basketball Coaching Resumes
by pancakes188
Sports
9m
More to Explore
Quiz From the Vault
Featured Blog Post
Where Did the Easter Bunny Come From?
hide this ad
You Might Also Like...
Tags
Lyrics Quiz
Missing Lyrics
Today's Top Quizzes in Music
Browse Music
hide this ad
Today's Top Quizzes in Lyrics
Browse Lyrics
Top Contributed Quizzes in Music
1
Taylor Swift All Songs (2024)
2
Taylor Swift Logic Puzzle
3
Guess the Artist- 70s Songs
4
7-to-1: Billboard Hot 100 #1 Hits of 2010s
5
Sorting Albums and Songs
6
KPOP LOGIC QUIZ
7
Guess the Taylor Swift song (Mystery Song)
8
Guess The Taylor Swift Lyrics Song #1
9
Billboard Blitz: ABBA
10
Billboard Blitz: The Beatles
Explore More
Trending Topics
Harry Potter
NBA
Marvel
Crossword
Kpop
Disney
Anime
NFL
Pokémon
Soccer
Puzzle
Song
The Office
WWE
Country
hide this ad
More By:
alissabonnett
Quiz
Plays
Rating
Category
Featured
Created
Bigmouth Strikes Again [The Smiths]: Lyrics
1,361
4.71
Music
Jan 2, 2017
STILL ILL[The Smiths]: Lyrics
765
5.00
Music
Jan 4, 2017
Hand in Glove [The Smiths]: Lyrics
662
4.33
Music
Jan 2, 2017
The Queen Is Dead [The Smiths]: Lyrics
657
5.00
Music
Jan 17, 2017
That Joke Isn't Funny Anymore [The Smiths]: Lyrics
487
5.00
Music
Jan 2, 2017
Go to Creator's Profile
Score Distribution
Quiz Creator Spotlight
alissabonnett
Follow
Send a Message
Quizzes Created
-
Created Quiz Play Count
-
More By This Creator
Popular Quizzes Today
1
Find the US States - No Outlines Minefield
2
Find the Countries of Europe - No Outlines Minefield
3
The Countries of the World
4
Find the US States
5
Risky Map Clicking: Biggest States A-Z
6
US States
7
Popular People in 1961
8
Movies - When Are They Set?
More Music Quizzes
Sliced Up BTS 1
Quiz Lab
Trending Quizzes
Risky Map Clicking: Least Populous States A-Z
Countries of the World: 200 Million BC
Billboard Blitz: Aretha Franklin
1-10 Letter G Words
Famous Russians: Author or Composer?
Recently Updated
Leaping Animals
pecheneg
Reality TV Shows (A-Z)
bhenderson79
Rickey Henderson's Hall of Fame Teammates
pecheneg
Champions League XIs: Arsenal
pecheneg
Quick Pick: Celebrities in WWE's Hall of Fame
aduchscher
A-Z Keypad Blitz II
pecheneg
Multiple Oscar Actors
pecheneg
Mystery Phrase Blitz: Oscar 'Best Actors'
pecheneg
F. Scott Fitzgerald Novels
LTH
Pick 3 Villains
ddd62291
Trending Topics
Kpop
Marvel
Harry Potter
Crossword
Anime
NBA
Disney
WWE
Song
Pokémon
The Office
Country
Puzzle
NFL
Soccer
Your Account Isn't Verified!
In order to create a playlist on Sporcle, you need to verify the email address you used during registration. Go to your
Sporcle Settings
to finish the process.
Report this User
Report this user for behavior that violates our
Community Guidelines
.
Details:
Send Report
Go to the Sporcle.com Mobile Site →
Comments